Journal of the Royal Statistical Society: (Record no. 1332)

MARC details
000 -LEADER
campo de control de longitud fija 01079nas a2200325 i 4500
001 - NÚMERO DE CONTROL
campo de control 1332
003 - IDENTIFICADOR DE NÚMERO DE CONTROL
campo de control ES-MaACL
005 - FECHA Y HORA DE LA ÚLTIMA TRANSACCIÓN
campo de control 20250814062552.0
007 - CAMPO FIJO DE DESCRIPCIÓN FÍSICA--INFORMACIÓN GENERAL
campo de control de longitud fija t|
008 - DATOS DE LONGITUD FIJA--INFORMACIÓN GENERAL
campo de control de longitud fija 950801c1838 xxkt| | 1 ||ng d
022 ## - NÚMERO INTERNACIONAL NORMALIZADO PARA PUBLICACIONES SERIADAS
Número Internacional Normalizado para Publicaciones Seriadas 0964-1998
080 ## - NÚMERO DE LA CLASIFICACIÓN DECIMAL UNIVERSAL
Número de la Clasificación Decimal Universal (410)
080 ## - NÚMERO DE LA CLASIFICACIÓN DECIMAL UNIVERSAL
Número de la Clasificación Decimal Universal 31
245 00 - MENCIÓN DEL TÍTULO
Título Journal of the Royal Statistical Society:
Resto del título Series A: Statistics in Society /
Mención de responsabilidad, etc. Royal Statistical Society.
260 ## - PUBLICACIÓN, DISTRIBUCIÓN, ETC.
Lugar de publicación, distribución, etc. London :
Nombre del editor, distribuidor, etc. The Royal Statistical Society,
Fecha de publicación, distribución, etc. 1838.
300 ## - DESCRIPCIÓN FÍSICA
Extensión 12 v. ;
Dimensiones 25 cm.
310 ## - PERIODICIDAD ACTUAL
Periodicidad actual Cuatrimestral,
Fecha de comienzo de la periodicidad actual Hasta 2003
321 ## - PERIODICIDAD ANTERIOR
Periodicidad anterior Trimestral,
Fechas de la periodicidad anterior 2004-
362 0# - FECHAS DE PUBLICACIÓN Y/O DESIGNACIÓN SECUENCIAL
Fecha de publicación y/o designación secuencial N. 1 (1838)
500 ## - NOTA GENERAL
Nota general Descripción basada en : V. 154. part 1, 1991.
650 14 - PUNTO DE ACCESO ADICIONAL DE MATERIA--TÉRMINO DE MATERIA
Término de materia o nombre geográfico como elemento de entrada Estadística.
9 (RLIN) 12520
650 #4 - PUNTO DE ACCESO ADICIONAL DE MATERIA--TÉRMINO DE MATERIA
Término de materia o nombre geográfico como elemento de entrada Instituciones científicas y diversas
9 (RLIN) 13829
710 2# - ENTRADA AGREGADA--NOMBRE DE ENTIDAD CORPORATIVA
Nombre de entidad corporativa o nombre de jurisdicción como elemento de entrada Royal Statistical Society.
9 (RLIN) 6470
852 ## - LOCALIZACIÓN
Ubicación ES-MaACL
Número de control de estantería Hem-1879
Nota libre Expurgado marzo 2025; posterior a 1958; sin encuadernar; en acceso abierto
856 ## - LOCALIZACIÓN Y ACCESO ELECTRÓNICOS
Identificador Uniforme de Recursos <a href="https://academic.oup.com/jrsssa/issue">https://academic.oup.com/jrsssa/issue</a>
Texto de enlace Oxford
866 #0 - MENCIÓN TEXTUAL DE FONDOS--UNIDAD BIBLIOGRÁFICA BÁSICA
Fondos 1990-2004.
942 ## - ELEMENTOS DE ENTRADA SECUNDARIOS (KOHA)
Fuente del sistema de clasificación o colocación Clasificación decimal universal
Tipo de ítem Koha Revista
Holdings
Estatus retirado Estado de pérdida Fuente del sistema de clasificación o colocación Estado de daño No para préstamo Colección Biblioteca de origen Biblioteca actual Ubicación en estantería Fecha de adquisición Total de préstamos Signatura topográfica completa Código de barras Visto por última vez Precio de reemplazo Tipo de ítem Koha
Expurgado   Clasificación decimal universal     Periódicos y Revistas Biblioteca del Ateneo de Madrid Biblioteca del Ateneo de Madrid Hemeroteca 17/01/2008   Hem-1879 1001360 23/02/2023 23/02/2023 Revista